000 00627nam a2200229Ia 4500
003 OSt
005 20220923214822.0
006 a|||||r|||| 00| 0
007 ta
008 220922b |||||||| |||| 00| 0 hin d
024 _a173,074
037 _cTextual
040 _aARTS
_cARTS
_bhin
041 _2hin
_ahin
082 _aO152:6N11x:9, J0
100 _aसहल, कन्हैयालाल
245 0 _aसमीक्षाण
246 _aSamīkṣhāṇa
260 _c1950
942 _hO152:6N11x:9, J0
_cTEXL
_2CC
999 _c326981
_d326981